UK TV Sitcoms 3 - Statistics

General Stats
  • This quiz has been taken 240 times
  • The average score is 6 of 15
Answer Stats
Question Answer % Correct
In BBCs Fawlty Towers, where was Manuel 'from' ? Barcelona
91%
Tom, Barbara, Jerry and Margo, which sitcom? The Good Life
85%
Chris Barrie managed a leisure centre, in this BBC sitcom? The Brittas Empire
64%
How many years did BBC TVs 'Allo'Allo run for? (the word) Ten
51%
Belinda Lang and Gary Olsen starred in 8 series of this BBC sitcom? 2.4 Children
44%
What was the name of Steptoes' horse, in BBCs Steptoe and Son? Hercules
38%
Which BBC, then, LWT sitcom, had the catchphrase "Everybody Out!" The Rag Trade
35%
Got to ask this one, what was the name of Rigsby's cat, in Rising Damp? Vienna
30%
The Granada TV, hospital-based sitcom, with surgeon Sheila Sabatini? Surgical Spirit
28%
In BBCs One Foot in the Grave, what was the name of the Meldrews 'tag-a-long' friend? Mrs Warboys
26%
What was the name of the ITV comedy, starring Mollie Sugden and Christopher Blake? That's My Boy
19%
What was the name of Audreys' butler, in BBCs To The Manor Born? Brabinger
15%
In ITVs Rising Damp, what was Rigsby's first name? Rupert
14%
Dudley (a cartoonist) was head of the clan, in this ITV sitcom. Keep it in the Family
6%
In ITVs On the Buses, what bus company, did Stan and Jack work for? Luxton and District
5%
No matching quizzes found
Score Distribution
Percent of People with Each Score
Percentile by Number Answered
Your Score History
You have not taken this quiz